000 00950nam a22002297a 4500
003 LK-CoMWRAF
005 20240611111013.0
008 240109b2002 |||||||| |||| 00| 0 eng d
020 _a9781739584931
040 _aLK-CoMWRAF
_dLK-CoMWRAF
_eLK-CoMWRAF
041 _atam
082 _a303.62
_bCHI
100 _aசிகேரா, அமல் டி.
_vChickera, Amal de
242 _aKaputu Kaak Kaak Kaak
245 _aகபுடு காக் காக் காக்! இலங்கையின் உன்னது போராட்டம்:
_bசிறுவர் செயற்பாட்டாளர்களுக்கு ஒரு வழிகாட்டி
260 _a[Colombo]:
_bAuthor,
_c2022
300 _a89 p.; ill.
650 _aPEOPLE'S STRUGGLES-Sri Lanka
650 _aSocial conflicts-Sri Lanka
700 _aதென்னகோன், தேஷான்
_yTennekoon, Deshan
_eills.
942 _cBK
999 _c4612
_d4612